书目信息 |
| 题名: |
化石
|
|
| 作者: | 张生 , 孙承凯 , 钟蓓 编著 | |
| 分册: | ||
| 出版信息: | 济南 山东友谊出版社 2002.10 |
|
| 页数: | 511页, [4] 页图版 | |
| 开本: | 21cm | |
| 丛书名: | 山东文物丛书 | |
| 单 册: | ||
| 中图分类: | Q911.725 | |
| 科图分类: | ||
| 主题词: | 动物化石--dong wu hua shi--简介--山东省 , 植物化石--zhi wu hua shi--简介--山东省 | |
| 电子资源: | ||
| ISBN: | 7-80642-405-9 | |
| 000 | 01121nam 2200301 450 | |
| 001 | 012006380469 | |
| 005 | 20070611100616.60 | |
| 010 | @a7-80642-405-9@b精装@dCNY93.00 | |
| 100 | @a20061209d2002 km y0chiy0120 ea | |
| 101 | 0 | @achi |
| 102 | @aCN@b370000 | |
| 105 | @aaf z 000yy | |
| 200 | 1 | @a化石@Ahua shi@d= Fossils@f张生, 孙承凯, 钟蓓等编著@Fzhang sheng,sun cheng kai,zhong bei deng bian zhu@zeng |
| 210 | @a济南@c山东友谊出版社@d2002.10 | |
| 215 | @a511页, [4] 页图版@c图 (部分彩图)@d21cm | |
| 225 | 2 | @a山东文物丛书@Ashan dong wen wu cong shu@v3 |
| 312 | @a英文题名取自封面。 | |
| 330 | @a本书分植物化石、无脊椎动物化石、昆虫化石、两栖类动物化石、鱼类化石、鸟类化石以及哺乳动物化石七大类,分别介绍化石的山东产地、年代和形态。 | |
| 410 | 0 | @12001 @a山东文物丛书 |
| 510 | 1 | @aFossils@zeng |
| 606 | 0 | @a动物化石@Adong wu hua shi@x简介@y山东省 |
| 606 | 0 | @a植物化石@Azhi wu hua shi@x简介@y山东省 |
| 690 | @aQ911.725@v4 | |
| 701 | 0 | @a张生@Azhang sheng@4编著 |
| 701 | 0 | @a孙承凯@Asun cheng kai@4编著 |
| 701 | 0 | @a钟蓓@Azhong bei@4编著 |
| 801 | 0 | @aCN@c20070611 |
| 905 | @a10447@dQ911.725@eZ172 | |
| 化石= Fossils/张生, 孙承凯, 钟蓓等编著.-济南:山东友谊出版社,2002.10 |
| 511页, [4] 页图版:图 (部分彩图);21cm.-(山东文物丛书;3) |
| ISBN 7-80642-405-9(精装):CNY93.00 |
| 本书分植物化石、无脊椎动物化石、昆虫化石、两栖类动物化石、鱼类化石、鸟类化石以及哺乳动物化石七大类,分别介绍化石的山东产地、年代和形态。 |
| ● |
| 相关链接 |
|
|
|
正题名:化石
索取号:Q911.725/Z172
 
预约/预借
| 序号 | 登录号 | 条形码 | 馆藏地/架位号 | 状态 | 备注 |
| 1 | 231721 | 202317215 | 自科库401/401自科库 33排1列1层/ [索取号:Q911.725/Z172] | 在馆 |